LIBRARY & INFORMATION CENTRE, KCAET, TAVANUR

ONLINE PUBLIC ACCESS CATALOGUE (OPAC)

Dadabhai Naoroji / (Record no. 5785)

MARC details
000 -LEADER
fixed length control field 00405cam a2200169ua 4500
041 ## - LANGUAGE CODE
Language code of text/sound track or separate title eng
082 ## - DEWEY DECIMAL CLASSIFICATION NUMBER
Classification number 923.2
Item number MAS/DA
100 ## - MAIN ENTRY--AUTHOR NAME
Personal name Masani, N.J .
245 ## - TITLE STATEMENT
Title Dadabhai Naoroji /
260 ## - PUBLICATION, DISTRIBUTION, ETC. (IMPRINT)
Place of publication New Delhi :
Name of publisher The Publications Division ,
Year of publication 1960.
300 ## - PHYSICAL DESCRIPTION
Number of Pages 195 ; .
942 ## - ADDED ENTRY ELEMENTS (KOHA)
Koha item type Books
Holdings
Withdrawn status Lost status Damaged status Home library Current library Date acquired Full call number Accession Number Koha item type
Withdrawn     KAUAET Malayalam University 07/04/2012 923.2 2741 Books
free website counter